Missing Word: 1980s 'A' Song Endings Quiz Stats

 Plays Quiz Updated Oct 19, 2015

Challenge
Share
Tweet
Embed
Score 0/20 Timer 04:00
3 Plays Today
Song Missing Word % Correct
Wanted Dead Or _____Alive
97.9%
Take My Breath _____Away
97.8%
Here I Go _____Again
97.4%
Love Will Tear Us ____Apart
97.1%
Ashes To _____Ashes
95.9%
One Thing Leads To _____Another
95.2%
Greatest Love Of _____All
94.8%
My Home's In _____Alabama
85.3%
We Don't Talk _____Anymore
82.3%
Stop Draggin' My Heart _____Around
77.1%
Song Missing Word % Correct
All Those Years _____Ago
75%
Kids In _____America
56.3%
Let's Wait _____Awhile
55.6%
You _____Are
47.4%
I'm _____Alright
35.2%
65 Love _____Affair
31.9%
Pilot Of The _____Airwaves
24.2%
Breakdown Dead _____Ahead
24%
Misguided ____Angel
20.5%
Dragon _____Attack
10.7%

Today's Daily Dose

Missing Word
Biopics

Word Ladder
Food Idioms

Quick Pick
Diets

On This Day
December 18th II

You're not logged in!

Compare scores with friends on all Sporcle quizzes.
OR
Log In

You Might Also Like...

Show Comments

Extras

Top Quizzes Today


Score Distribution

Your Account Isn't Verified!

In order to create a playlist on Sporcle, you need to verify the email address you used during registration. Go to your Sporcle Settings to finish the process.

Report this User

Report this user for behavior that violates our Community Guidelines.

Details: